000 00873nam a2200217Ii 4500
003 JO-AjNU
008 230605s9999||||xx |||||||||||||| ||und||
017 _a2014/1/431
040 _aJO-AjNU
_bara
_erda
_cJO-AjNU
041 _aara
050 1 4 _aLC72.5 2014
100 3 _aبني يونس، فراس تأليف، خطايبة، محمد صالح م.مشارك,
_eauthor
_947805
245 0 0 _aالحرية الأكاديمية في العالم العربي بين الواقع والطموح
250 _aط1
264 3 1 _aعمان:دار زهران للنشر والتوزيع،2014
300 _a266ص
336 _atext
_btxt
_2rdacontent
337 _aunmediated
_bn
_2rdamedia
338 _avolume
_bnc
_2rdacarrier
650 4 _aالجامعات والكليات-البلاد العربية-التعليم العالي-الحرية الأكاديمية
_947806
999 _aA20894
_c24462
_d24462